ბათუმის შოთა რუსთაველის სახელმწიფო უნივერსიტეტის ბიბლიოთეკა

Mastering Windows Server 2019 : (ბიბ.ჩანაწერი № 61269)

000 -LEADER
fixed length control field 00873nam a22002057a 4500
005 - DATE AND TIME OF LATEST TRANSACTION
control field 20240123110657.0
008 - FIXED-LENGTH DATA ELEMENTS--GENERAL INFORMATION
fixed length control field 240123s2021 enk||||| |||| 00| 0 eng d
020 ## - INTERNATIONAL STANDARD BOOK NUMBER
International Standard Book Number 9781801078313x
041 ## - LANGUAGE CODE
Language code of text/sound track or separate title eng
080 ## - UNIVERSAL DECIMAL CLASSIFICATION NUMBER
Universal Decimal Classification number 004.338.2 K-81
100 ## - MAIN ENTRY--PERSONAL NAME
Personal name Krause, Jordan
9 (RLIN) 21090
245 ## - TITLE STATEMENT
Title Mastering Windows Server 2019 :
Remainder of title The complete guide for system administrators to install, manage, and deploy new capabilities with Windows Server 2019 /
Statement of responsibility, etc. Jordan Krause.
250 ## - EDITION STATEMENT
Edition statement Third edition
264 ## - PRODUCTION, PUBLICATION, DISTRIBUTION, MANUFACTURE, AND COPYRIGHT NOTICE
Place of production, publication, distribution, manufacture Birmingham :
Name of producer, publisher, distributor, manufacturer Packt Publishing,
Date of production, publication, distribution, manufacture, or copyright notice 2021.
300 ## - PHYSICAL DESCRIPTION
Extent 662 p. :
Other physical details ill.;
Dimensions 24 cm.
653 ## - INDEX TERM--UNCONTROLLED
keyword Windows სერვერი
653 ## - INDEX TERM--UNCONTROLLED
keyword სისტემის ადმინისტრატორებისთვის Windows Server 2019-ით
653 ## - INDEX TERM--UNCONTROLLED
keyword კომპიუტერული ტექნოლოგიები
942 ## - ADDED ENTRY ELEMENTS (KOHA)
Source of classification or shelving scheme
Koha item type წიგნი
ეგზემპლარები
Withdrawn status Lost status Source of classification or shelving scheme Damaged status Not for loan Permanent Location Current Location Shelving location Date acquired Cost, normal purchase price Full call number Barcode Date last seen Copy number Price effective from Koha item type Public note
          ბათუმის შოთა რუსთაველის სახელმწიფო უნივერსიტეტის მთავარი ბიბლიოთეკა ბათუმის შოთა რუსთაველის სახელმწიფო უნივერსიტეტის მთავარი ბიბლიოთეკა წიგნსაცავი 2024-01-23 195.00 004.338.2 K-81 67153 2024-01-23 67153 2024-01-23 წიგნი 195 ლ.